000
00204nam a22000977a 4500
999
_c
532877
_d
532877
040
_c
DLC
082
_a
954.91
_b
BEN
100
_a
Bhutto, Benazir
_9
4819
245
_a
Amriyat ya Jamhoriat
942
_2
ddc
_c
BK